002410000a2200061000450024500920000030000580009277300290015010aNew sound from Mexico : Marcos Witt sets the pace in contemporary Latin christian music aVol. 74, Num. 2 (Enero-Febrero, 1994), Páginas 8-100 tLatin America Evangelist